[Event "FWCT 2019"]
[Site "Kazan"]
[Date "2019.06.04"]
[Round "4.4"]
[White "Muzychuk, Mariya"]
[Black "Lagno, Kateryna"]
[Result "0-1"]
[WhiteElo "2563"]
[BlackElo "2554"]
[Annotator "TA"]
[PlyCount "112"]
[EventDate "2019.05.11"]
[EventType "tourn"]
[EventCountry "RUS"]
[SourceTitle "playchess.com"]
[Source "ChessBase"]
[SourceQuality "1"]

{[%evp 14,112,51,37,36,30,35,39,34,37,39,35,35,35,24,20,23,35,69,0,0,0,-9,0,-3,-26,0,-4,-4,-15,-5,-4,0,-15,-7,-11,0,0,0,0,0,-36,-44,-34,-42,-34,-14,-87,-89,-138,-133,-143,-120,-219,-203,-306,-116,-108,-101,-104,-89,-427,-412,-436,-398,-447,-400,-450,-447,-693,-721,-720,-710,-709,-713,-545,-1389,-1340,-1319,-1424,-1331,-1208,-1142,-29945,-9722,-29965,-8158,-29974,-29975,-29975,-29976,-29976,-29977,-29977,-29977,-29977,-29978,-29978,-29979,-29973,-29975]} 1. e4 e5 2. Nf3 Nc6 3. Bc4 Nf6 4. d3 Be7 5. O-O O-O 6. Re1 d6 7. a4 Kh8 8. c3 Ng8 {C55: Two Knights: 4 d3, 4 d4 exd4 5 e5 and Max Lange Attack} 9. d4 (9. a5 a6 10. d4 f5 11. dxe5 fxe4 12. Rxe4 Rxf3 13. gxf3 Nxe5 14. Rxe5 dxe5 15. Qxd8 Bxd8 16. Nd2 {½-½ (40) Harikrishna,P (2753)-Fressinet,L (2700) Huaian 2016}) 9... f5 {...fxe4 is the strong threat.} 10. dxe5 fxe4 {White is slightly better.} 11. Rxe4 Rxf3 12. gxf3 {Strongly threatening e6.} ({Much weaker is} 12. Qxf3 d5 $15) 12... Nxe5 13. Bf4 Nxc4 14. Rxc4 Be6 $146 ({Predecessor:} 14... Nf6 15. Rd4 Nd7 16. Bg3 {Squires,M (2255)-Penkin,V (2226) ICCF email 2016}) 15. Re4 Bf5 16. Nd2 (16. Re1 $14) 16... Bxe4 $11 17. fxe4 Qd7 18. Bg3 Rf8 19. Kg2 Bg5 20. Nf3 {[%cal Bd2f3,Bf3d4,Bd4f5][%mdl 32]} Bf4 21. Nd4 Ne7 22. Qb3 Ng6 23. Qe6 Qd8 24. Qd5 {And now Ne6 would win.} Qf6 {Threatens to win with ...Bxg3.} 25. Nf5 c6 26. Qd4 Be5 27. Qe3 d5 28. f3 Bxg3 29. hxg3 Ne5 30. Re1 (30. Nh4 $11 {keeps the balance.}) 30... dxe4 $17 31. fxe4 g6 $36 {[%mdl 2048] Keeping White busy.} 32. Nd4 c5 33. Nb5 {[#]} (33. Nb3 $17 {keeps fighting.}) 33... Nd3 $1 $19 {[%mdl 512]} 34. Rb1 {[#]} (34. Rd1 $142 Nxb2 {[%mdl 64] Double Attack} 35. Rc1) (34. Qxd3 Qf2+) 34... Qf2+ $2 (34... Nf2 $1 $19 35. Nc7 g5) 35. Qxf2 $17 Rxf2+ 36. Kg1 Rxb2 37. Rxb2 $4 {[%mdl 8192]} (37. Rd1 $17 Ne5 38. Kf1) 37... Nxb2 {[%mdl 4096] Endgame KN-KN} 38. a5 Nc4 39. Nxa7 Nxa5 40. Kf2 Kg7 41. Kf3 (41. Nb5 $142 Kf6 42. Na3) 41... Kf6 $19 42. Kf4 g5+ 43. Kg4 Kg6 44. Nc8 h5+ (44... Nc4 $142 45. Kf3 Kf6) 45. Kf3 Nc4 46. Ne7+ Kf6 47. Nf5 Ke5 48. Ng7 Nd2+ 49. Ke3 Nxe4 {[%mdl 64] Double Attack} 50. Nxh5 c4 {Black mates.} 51. g4 b5 {[%cal Bb7b5,Bb5b4][%mdl 32]} 52. Ng7 Nxc3 53. Nf5 Nd5+ 54. Kd2 b4 55. Kc2 Kf4 56. Nd6 Nb6 {Accuracy: White = 43%, Black = 82%.} 0-1

[Event "FWCT 2019"]
[Site "Kazan"]
[Date "2019.06.05"]
[Round "5.1"]
[White "Gunina, Valentina"]
[Black "Muzychuk, Mariya"]
[Result "1/2-1/2"]
[WhiteElo "2506"]
[BlackElo "2563"]
[Annotator "TA"]
[PlyCount "144"]
[EventDate "2019.05.11"]
[EventType "tourn"]
[EventCountry "RUS"]
[SourceTitle "playchess.com"]
[Source "ChessBase"]
[SourceQuality "1"]

{[%evp 9,144,-17,-19,-40,-27,-12,11,14,12,0,0,-15,16,13,10,10,3,4,18,4,11,6,28,8,15,2,6,-50,-18,-16,0,-22,0,-32,-25,-14,0,-5,0,0,16,16,27,30,50,45,282,243,246,243,244,238,212,52,60,65,65,34,73,64,91,98,83,18,18,18,18,18,18,20,55,50,43,42,99,95,89,0,0,0,19,19,25,19,19,0,70,70,86,52,36,39,172,172,200,207,146,0,0,0,0,0,0,0,0,0,0,0,0,0,0,0,0,0,0,0,0,0,0,0,0,0,0,0,0,0,0,0,0,0,0,0,0,0,0,0,8]} 1. e4 c5 2. Nf3 e6 3. b3 b6 4. Bd3 (4. Bb2 Bb7 5. Qe2 Nc6 6. g3 Nf6 7. Bg2 d6 8. O-O e5 9. Nc3 g6 10. Nd5 Bg7 11. c4 O-O 12. d3 Bc8 13. h3 {½-½ (63) Akopian,V (2650)-Inarkiev,E (2693) St Petersburg 2018}) 4... Bb7 5. Bb2 Nc6 6. e5 {B40: Sicilian: 2...e6, Unusual lines} Nb4 $146 ({Predecessor:} 6... Qb8 7. O-O Be7 8. Re1 g5 9. h3 h5 10. Nh2 a6 11. a4 Nb4 12. Be4 Nd5 {0-1 (59) Warakomska,A (2233)-Abdumalik,Z (2470) Wroclaw 2018}) 7. Be2 Nd5 8. g3 Nh6 9. c4 Nb4 10. O-O Nf5 11. d4 cxd4 12. Nxd4 Nxd4 13. Bxd4 d6 14. Bf3 dxe5 15. Bxb7 Rb8 $1 16. Bxe5 Rxb7 17. Qf3 Rd7 $132 {[%mdl 2048] Black has counterplay} 18. a4 (18. Nc3 $11) 18... f6 19. Bc3 Bc5 20. Qh5+ Ke7 21. Na3 Qe8 22. Qe2 Qa8 23. Qg4 Kf7 24. Rad1 $1 {[%cal Rd1d7]} Nd3 {Hoping for ...h5.} 25. b4 $1 {[%cal Rb4c5]} Be7 $1 ({Don't go for} 25... h5 $2 26. Qe2 $18) 26. Nb5 Rhd8 $1 {Threatens to win with ...Qc6.} 27. Nd4 Bxb4 $2 (27... Ne5 $1 $14 28. Qxe6+ Kf8) 28. Qxe6+ $18 (28. Rxd3 $6 Bxc3 29. Qxe6+ Kf8 $18) 28... Kf8 29. Rxd3 Bxc3 30. Nf5 {[%mdl 64] Zwischenzug} ({Worse is} 30. Rxc3 Rxd4 31. a5 Qc8 $11) 30... Qb7 {[#]} 31. Nh6 $2 ({Much less strong is} 31. Rxc3 $6 Re8 $14) (31. Qe7+ $1 $18 {[%mdl 512]} Rxe7 32. Rxd8+ Kf7 33. Nd6+ {[%mdl 64] Double Attack} Ke6 34. Nxb7 Rxb7 35. Rc8) 31... gxh6 $14 32. Rxc3 Rd6 33. Qf5 Qf7 34. Qf3 Rd4 35. Re1 Kg7 {[#]} 36. Rce3 (36. a5 $1 $16 {[%mdl 512]}) 36... R8d7 $11 37. Re4 h5 38. Qf5 Rxe4 39. Rxe4 {[%mdl 4096] Endgame KQR-KQR} Rd1+ 40. Kg2 Qb7 41. Kh3 Qf7 {[#]} ({Black should play} 41... Qd7 $14 42. Re6 Qf7) 42. a5 $1 $16 bxa5 43. Qc5 (43. Rh4 $16) 43... Qd7+ $11 44. Kh4 {[#]} Re1 $1 {[%mdl 512]} 45. Rd4 (45. Rxe1 Qg4#) 45... Qe7 46. Qf5 {And now Rd7 would win.} Re5 47. Qd3 {Black must now prevent Rd7.} Qf7 ({Black should try} 47... Kh6 $11) 48. f4 $1 $14 {[%cal Rf4e5]} Re7 49. c5 Qg6 {[%csl Gh5][%cal Rg6g4]} 50. Qd1 Re1 (50... a4 $14) 51. Qxh5 $18 Rh1 {[%cal Rh1h2]} 52. Rd7+ Kf8 {[%cal Rh1h2]} 53. Qxg6 (53. Rd2 $16) 53... Rxh2+ $11 {The position is equal.} 54. Kg4 {[%csl Gd7][%cal Rg6f7]} hxg6 55. Rxa7 {KR-KR} Ra2 56. Kf3 f5 57. Ke3 Ra4 58. Kd3 {c6 is the strong threat.} Ke8 59. Ra6 Ra3+ 60. Kd4 Rxg3 61. c6 {Threatening mate with Ra8+.} Kd8 62. Kc5 Rc3+ 63. Kd6 {[%cal Ra6a8]} Rd3+ 64. Ke5 Rc3 65. Kf6 Kc7 66. Rxa5 Rxc6+ 67. Kg5 $1 Kd7 68. Ra7+ Ke8 69. Rg7 Kf8 70. Rxg6 Rxg6+ 71. Kxg6 Kg8 72. Kxf5 {White wants to mate with Kg6.} Kf7 {Accuracy: White = 57%, Black = 43%.} 1/2-1/2

[Event "FWCT 2019"]
[Site "Kazan"]
[Date "2019.06.05"]
[Round "5.2"]
[White "Kosteniuk, Alexandra"]
[Black "Dzagnidze, Nana"]
[Result "1-0"]
[WhiteElo "2546"]
[BlackElo "2510"]
[Annotator "RC"]
[PlyCount "83"]
[EventDate "2019.05.11"]
[EventType "tourn"]
[EventCountry "RUS"]
[SourceTitle "playchess.com"]
[Source "ChessBase"]
[SourceQuality "1"]
[TimeControl "40/5400+30:1800+30"]

1. e4 {[%emt 0:00:00]} c5 {[%emt 0:00:00]} 2. c3 {[%emt 0:00:00]} d5 {[%emt 0:00:00]} 3. exd5 {[%emt 0:00:00]} Qxd5 {[%emt 0:00:00]} 4. d4 {[%emt 0:00:00]} Nf6 {[%emt 0:00:05]} 5. Nf3 {[%emt 0:00:00]} Bg4 {[%emt 0:00:31]} 6. Be2 {[%emt 0:00:18]} e6 {[%emt 0:00:15]} 7. h3 {[%emt 0:00:10]} Bh5 {[%emt 0:01:08]} 8. c4 {[%emt 0:00:15]} Qd7 {[%emt 0:08:05]} 9. d5 {[%emt 0:00:31]} exd5 {[%emt 0:00:41]} 10. cxd5 {[%emt 0:00:04]} Bd6 {[%emt 0:21:40]} 11. Nh4 {[%emt 0:01:15]} Bg6 {[%emt 0:03:30]} 12. Nxg6 {[%emt 0:00:51]} hxg6 {[%emt 0:00:08]} 13. Nc3 {[%emt 0:01:44]} a6 {[%emt 0:01:16]} 14. O-O {[%emt 0:17:19]} Kf8 {[%emt 0:03:48]} 15. f4 {[%emt 0:04:52]} Qc7 {[%emt 0:09:50]} 16. f5 {[%emt 0:11:44]} gxf5 {[%emt 0:00:45]} 17. Rxf5 {[%emt 0:00:03]} Nbd7 {[%emt 0:00:11]} 18. Qf1 {[%emt 0:01:57]} Re8 {[%emt 0:01:00]} 19. Bg5 {[%emt 0:00:32]} Be5 {[%emt 0:05:56]} 20. Rd1 {[%emt 0:22:35]} Qd6 {[%emt 0:02:09]} 21. Kh1 {[%emt 0:00:52]} b5 {[%emt 0:03:19]} 22. Bd3 {[%emt 0:06:21]} Kg8 {[%emt 0:02:51]} 23. Re1 {[%emt 0:04:52]} c4 {[%emt 0:12:41]} 24. Bc2 {[%emt 0:01:41]} Qb8 {[%emt 0:02:17]} 25. Qf3 {[%emt 0:04:15]} Bd6 {[%emt 0:03:23]} 26. Qd1 {[%emt 0:08:34]} Rxe1+ {[%emt 0:09:29]} 27. Qxe1 {[%emt 0:00:03]} Qe8 {[%emt 0:00:35]} 28. Qxe8+ {[%emt 0:03:24]} Nxe8 {[%emt 0:00:01]} 29. Ne4 {[%emt 0:00:26]} f6 {[%emt 0:01:11]} 30. Be3 {[%emt 0:00:18]} Be5 {[%emt 0:01:27]} 31. b3 {[%emt 0:01:02]} Nc7 {[%emt 0:02:03]} 32. bxc4 {[%emt 0:03:02]} bxc4 {[%emt 0:00:02]} 33. d6 {[%emt 0:01:15]} Nb5 {[%emt 0:00:39]} 34. a4 {[%emt 0:00:55]} Na3 {[%emt 0:03:47]} 35. Bd1 {[%emt 0:00:04]} Kf7 {[%emt 0:00:11]} 36. Bc1 {[%emt 0:01:42]} Rh4 {[%emt 0:00:15]} 37. Ng5+ {[%emt 0:01:18]} Kg6 {[%emt 0:00:06]} 38. Nf3 {[%emt 0:00:38]} Re4 {[%emt 0:02:47]} 39. g4 {[%emt 0:03:01]} Nb1 {[%emt 0:00:52]} 40. Bc2 {[%emt 0:00:00]} Nc3 {[%emt 0:00:00]} 41. Nxe5+ {[%emt 0:01:44]} fxe5 {[%emt 0:00:38]} 42. Rf3 {[%emt 0:00:26]} 1-0

[Event "FWCT 2019"]
[Site "Kazan"]
[Date "2019.06.05"]
[Round "5.3"]
[White "Goryachkina, Aleksandra"]
[Black "Tan, Zhongyi"]
[Result "1-0"]
[WhiteElo "2522"]
[BlackElo "2513"]
[Annotator "TA"]
[PlyCount "123"]
[EventDate "2019.05.11"]
[EventType "tourn"]
[EventCountry "RUS"]
[SourceTitle "playchess.com"]
[Source "ChessBase"]
[SourceQuality "1"]

{[%evp 20,123,23,16,25,24,24,26,24,22,25,30,21,26,56,50,45,12,12,12,17,27,23,13,72,74,72,60,52,5,4,4,3,0,0,0,32,32,80,81,83,81,81,81,88,51,62,49,83,83,83,83,171,171,171,171,171,171,183,183,183,175,186,176,176,176,176,161,135,115,115,115,115,115,115,115,169,176,6721,6274,6349,5712,29962,29961,5804,5185,29969,29969,29969,29970,29968,29970,29972,29972,29966,29967,29978,29979,29982,29979,29985,29986,29986,29987,29987,29988]} 1. d4 Nf6 2. c4 e6 3. g3 d5 4. Bg2 dxc4 5. Nf3 c5 6. O-O Nc6 7. dxc5 Qxd1 8. Rxd1 Bxc5 9. Nbd2 {[%cal Bb1d2,Bd2b3,Bb3a5,Ba5c4,Bc4e3][%mdl 32]} c3 10. bxc3 O-O 11. Nb3 Be7 {E04: Open Catalan: 5 Nf3} 12. Nfd4 Nxd4 13. cxd4 Nd5 {White has an edge.} 14. Na5 (14. Bd2 f5 15. Rac1 b6 16. Bxd5 exd5 17. Rc7 Bd8 18. Rc2 Ba6 19. Bf4 {1-0 (57) Vachier Lagrave,M (2780)-So,W (2754) Abidjan 2019}) 14... Bb4 15. Nc4 Bd7 $146 ({Predecessor:} 15... b6 16. Bd2 Bxd2 17. Rxd2 Ba6 18. Bxd5 exd5 19. Ne3 {½-½ (32) Arcenegui Rodrigo,J (2357)-Vekelis,G (2351) ICCF email 2014}) 16. Rb1 Ba4 17. Rf1 $1 {Black must now prevent Bxd5.} Bc3 18. Bxd5 exd5 19. Ne3 Bxd4 20. Nxd5 {Rb4 is the strong threat.} b5 21. Bb2 Bxb2 (21... Bc5 $11 {remains equal.}) 22. Rxb2 $16 Rfd8 23. Nc3 $1 Rac8 24. Nxb5 Bxb5 25. Rxb5 $14 {[%mdl 4096] Endgame KRR-KRR} Rd2 26. Rfb1 Rxa2 27. Rc5 {[%cal Rc5c8]} Rd8 28. Kf1 Ra6 29. Rb7 Rh6 30. Rcc7 Rf8 31. h4 a6 32. f3 Rf6 33. g4 h5 {Threatening ...hxg4.} 34. g5 Rf4 35. Kg2 {Strongly threatening e4.} Rd4 (35... Rf5 $16) 36. g6 $1 $18 {[%cal Rg6f7]} Rf4 37. Ra7 $1 Rf6 38. gxf7+ R8xf7 39. Rxf7 Rxf7 40. Rxa6 {KR-KR} Kh7 41. Ra4 Kg6 42. Kf2 Rc7 43. Ra6+ Kf7 44. Ra5 g6 45. Kg3 Rc1 46. Kf4 Kg7 47. e4 Rf1 (47... Rg1 $16 48. Ra8 Re1) 48. Ra7+ Kf6 $2 (48... Kf8 49. Rc7 Rf2) 49. e5+ Ke6 50. Ra6+ Kf7 {[#]} 51. Kg5 $1 Rg1+ {[#]} 52. Kh6 $1 Rh1 53. Rxg6 {White mates.} Rxh4 54. Rf6+ Ke7 55. Kg5 Rh1 56. Rh6 Rg1+ 57. Kf5 Rh1 58. Rh7+ Kf8 59. e6 Kg8 60. Ra7 h4 61. Ra8+ Kg7 62. e7 {Accuracy: White = 81%, Black = 49%.} 1-0

[Event "FWCT 2019"]
[Site "Kazan"]
[Date "2019.06.05"]
[Round "5.4"]
[White "Lagno, Kateryna"]
[Black "Muzychuk, Anna"]
[Result "1/2-1/2"]
[WhiteElo "2554"]
[BlackElo "2539"]
[Annotator "TA"]
[PlyCount "61"]
[EventDate "2019.05.11"]
[EventType "tourn"]
[EventCountry "RUS"]
[SourceTitle "playchess.com"]
[Source "ChessBase"]
[SourceQuality "1"]

{[%evp 12,61,9,2,25,14,20,11,8,20,15,22,24,37,31,9,56,47,60,91,101,103,130,84,249,53,64,34,65,37,68,60,64,56,79,89,92,62,64,72,62,57,69,41,42,33,40,33,39,45,37,37]} 1. e4 e5 2. Nf3 Nc6 3. Bb5 a6 4. Ba4 Nf6 5. d3 Bc5 6. c3 d6 7. O-O Ba7 {C78: Ruy Lopez: Archangelsk and Möller Defences} 8. Re1 (8. Bg5 h6 9. Bh4 g5 10. Bg3 h5 11. h4 Nh7 12. Nbd2 g4 13. Ne1 Nf8 14. d4 exd4 15. Bxc6+ bxc6 16. cxd4 {0-1 (30) Shirov,A (2667)-Anton Guijarro,D (2643) Prague 2019}) 8... O-O 9. Nbd2 Ng4 {The position is equal.} 10. Re2 f5 11. h3 Nh6 12. d4 $146 ({Predecessor:} 12. Nf1 f4 13. d4 Qe7 14. Bxc6 bxc6 15. dxe5 dxe5 {1-0 (39) Perunovic,M (2346)-Vucicevic,M (2333) Herceg Novi 2005}) 12... Nf7 {[%cal Re5d4]} 13. exf5 exd4 14. cxd4 Bxf5 15. Ne4 b5 16. Bb3 Na5 17. Bc2 h6 $2 {[#]} (17... c5 $16) 18. b3 $2 ({Only move:} 18. Ng3 $18 Bxc2 19. Qxc2) 18... Nc6 $14 19. a3 Nh8 20. d5 Ne5 21. Nxe5 dxe5 22. Be3 Ng6 23. Bxa7 Rxa7 24. Ng3 Bxc2 25. Qxc2 Qd6 26. Rae1 {White is slightly better.} c6 27. Qxc6 (27. Ne4 $5 {[%cal Re4d6]} Qxd5 28. Rd2 $16) 27... Qxc6 28. dxc6 Rc7 29. Rc2 Rf6 30. Rec1 Ne7 31. Ne4 {Accuracy: White = 70%, Black = 49%.} 1/2-1/2

[Event "FWCT 2019"]
[Site "Kazan"]
[Date "2019.06.06"]
[Round "6.1"]
[White "Muzychuk, Anna"]
[Black "Gunina, Valentina"]
[Result "1-0"]
[WhiteElo "2539"]
[BlackElo "2506"]
[Annotator "TA"]
[PlyCount "89"]
[EventDate "2019.05.11"]
[EventType "tourn"]
[EventCountry "RUS"]
[SourceTitle "playchess.com"]
[Source "ChessBase"]
[SourceQuality "1"]

{[%evp 22,89,22,22,22,22,22,22,23,20,31,38,61,81,58,45,56,67,81,71,115,100,114,120,163,181,168,167,259,290,352,304,261,237,302,293,300,195,197,187,191,195,186,181,220,201,233,226,232,232,434,427,432,404,425,420,426,394,637,619,1064,1045,1189,1184,1069,1056,1033,1034,1025,991]} 1. e4 c6 2. d4 d5 3. exd5 cxd5 4. Bd3 Nc6 5. c3 Nf6 6. Bf4 Bg4 7. Qb3 Qd7 8. Nd2 e6 9. Ngf3 Bd6 10. Bxd6 Qxd6 11. O-O Bxf3 12. Nxf3 Rb8 {B13: Caro-Kann: Exchange Variation and Panov-Botvinnik Attack} 13. Rfe1 O-O 14. Qc2 Qc7 {The position is equal.} 15. a3 $146 ({Predecessor:} 15. Qe2 Rfc8 16. Rad1 a6 17. a4 Re8 18. h4 g6 19. g3 h5 20. Kg2 Kg7 21. Rc1 {0-1 (48) Tutisani,N (2471)-Liang,A (2575) Manavgat 2018}) 15... Ne7 16. Ne5 Nc8 17. Re3 Nd6 18. Rh3 {[%cal Rd3h7]} h6 19. Re1 b5 20. Qc1 Nfe4 21. f3 Ng5 22. Rg3 $1 f6 23. Ng6 $1 $36 {[%cal Be5g6,Bg6f4,Bf4e6][%mdl 2080] White has strong initiative.} Rfe8 {[#]} 24. h4 $1 {[%cal Rh4g5]} Ngf7 (24... Nf5 $142 25. Rg4 Qf7) 25. Nf4 $18 g5 {If Black can now play ...Nf5 this consolidates a bit.} 26. hxg5 (26. Rxe6 Rxe6 27. Nxe6 Qd7 $18) (26. Nxe6 Qd7 $18) 26... fxg5 27. Nxe6 ({Don't take} 27. Rxe6 $6 Rxe6 28. Nxe6 Qe7 $16) 27... Qc8 28. Nf4 Qc6 29. Ng6 {aiming for Ne7+.} Rxe1+ 30. Qxe1 Re8 31. Ne5 Nxe5 32. dxe5 Qb6+ 33. Kh1 Nf7 34. f4 $1 Kf8 {[#]} 35. Rf3 $1 g4 $2 (35... gxf4 36. Rxf4 Kg7) 36. Rf1 h5 37. Qh4 Kg7 38. Re1 (38. Qxh5 $2 Rh8 $19) 38... a6 39. Bf5 {Bd7 is the strong threat.} ({Not} 39. Qxh5 $2 Rh8 $19) 39... Qh6 $2 (39... Qd8 40. Qf2 (40. Qxh5 $2 Rh8 $19) 40... Qe7) 40. Bd7 {White is clearly winning.} Rf8 41. e6 Qxf4 42. e7 Rh8 43. e8=Q Rxe8 44. Bxe8 Ng5 45. Bxh5 {Accuracy: White = 91%, Black = 53%.} 1-0

[Event "FWCT 2019"]
[Site "Kazan"]
[Date "2019.06.06"]
[Round "6.2"]
[White "Muzychuk, Mariya"]
[Black "Kosteniuk, Alexandra"]
[Result "1-0"]
[WhiteElo "2563"]
[BlackElo "2546"]
[Annotator "TA"]
[PlyCount "97"]
[EventDate "2019.05.11"]
[EventType "tourn"]
[EventCountry "RUS"]
[SourceTitle "playchess.com"]
[Source "ChessBase"]
[SourceQuality "1"]

{[%evp 12,97,7,0,16,9,12,2,6,20,22,11,20,16,11,0,16,0,32,38,25,35,27,30,20,16,26,17,14,14,16,8,16,0,0,-14,0,0,0,0,0,0,7,-24,-16,-20,-34,-27,0,0,0,0,0,0,0,7,61,71,71,59,71,74,126,131,140,136,218,218,227,233,247,231,817,813,802,802,788,788,768,761,1071,1071,1568,1479,1429,1398,1140,1060]} 1. c4 e5 2. Nc3 Nf6 3. g3 d5 4. cxd5 Nxd5 5. Bg2 Nb6 6. Nf3 Nc6 7. a3 g6 {A29: English Opening: Four Knights Variation with 4 g3} (7... Be7 8. b4 O-O 9. d3 Re8 10. O-O Bf8 11. Bb2 a5 12. b5 Nd4 13. Nd2 c6 14. bxc6 Nxc6 15. Nc4 Be6 16. Nxb6 Qxb6 17. Rb1 Rad8 18. Ba1 Qc7 19. Qa4 Bd7 20. Qc4 Qc8 21. Bd5 {1-0 (45) Van Wely,L (2695)-Vachier Lagrave,M (2796) chess.com INT 2017}) 8. d3 Bg7 9. Bg5 Ne7 {The position is equal.} 10. O-O $146 ({Predecessor:} 10. Rc1 h6 11. Bxe7 Qxe7 12. O-O O-O 13. Nd2 c6 14. b4 Be6 15. Nb3 Nd5 16. Nxd5 Bxd5 {½-½ (16) Foisor,O (2445)-Negulescu,A (2445) Sovata 1998}) 10... h6 11. Be3 Nf5 12. Bd2 O-O 13. Ne4 Re8 14. Rc1 Bd7 15. Nc5 Bc6 16. e4 Nd6 17. b4 Re7 18. a4 a6 19. Bc3 Qe8 {[%cal Rb6a4]} 20. Ra1 $1 Nd7 21. Qc2 Nf8 22. a5 Nb5 23. Bb2 Rd8 24. Bh3 Rd6 25. Rfd1 Nh7 26. Qc1 Qd8 27. Qe3 Re8 28. Rac1 Ng5 29. Nxg5 Qxg5 (29... hxg5 {feels hotter.} 30. Qe2 Qe7 31. f3 Ra8 32. Qf2 Qd8) 30. Qxg5 hxg5 31. Rc4 Bf6 32. Bg4 Red8 33. Rdc1 Nd4 (33... Ra8 $11) 34. Bxd4 $14 Rxd4 {[#]} 35. Nxa6 $1 {[%mdl 512]} Rxc4 (35... bxa6 36. Rxc6) 36. Rxc4 Bb5 ({Better is} 36... Rxd3 37. Nb8 (37. Nxc7 Bd8 $16) 37... Bb5 38. Rxc7 Rb3) 37. Nxc7 $16 Bxc4 38. dxc4 {[%mdl 4096] Endgame KRB-KBN} Rd4 (38... Be7 $16) 39. Nd5 $18 Bd8 40. Bc8 {[#] Threatens to win with c5.} Rxc4 41. Bxb7 f5 $2 (41... Rxe4 42. Nf6+ {[%mdl 64] Discovered Attack} Bxf6 43. Bxe4 Bd8) 42. a6 {White is clearly winning.} Rc1+ 43. Kg2 Ra1 44. b5 {[%cal Bb4b5,Bb5b6][%mdl 32]} g4 45. h3 f4 46. hxg4 Ra3 47. gxf4 exf4 48. b6 f3+ 49. Kg3 {Accuracy: White = 84%, Black = 49%.} 1-0

[Event "FWCT 2019"]
[Site "Kazan"]
[Date "2019.06.06"]
[Round "6.3"]
[White "Dzagnidze, Nana"]
[Black "Goryachkina, Aleksandra"]
[Result "0-1"]
[WhiteElo "2510"]
[BlackElo "2522"]
[Annotator "TA"]
[PlyCount "140"]
[EventDate "2019.05.11"]
[EventType "tourn"]
[EventCountry "RUS"]
[SourceTitle "playchess.com"]
[Source "ChessBase"]
[SourceQuality "1"]

{[%evp 9,140,14,14,14,17,15,9,12,10,15,10,6,15,-2,9,0,11,7,7,6,14,14,28,26,31,22,22,31,37,20,10,0,42,38,46,46,35,43,59,57,60,64,85,51,60,54,62,35,62,42,42,42,47,47,46,0,0,0,43,43,92,43,43,44,51,47,60,62,142,127,140,106,232,227,308,183,242,222,225,216,215,226,258,200,220,208,202,0,19,0,0,0,0,0,0,0,0,-266,-244,-426,-262,-239,-114,-109,-99,-100,-108,-103,-88,-154,-158,-139,-137,-254,-258,-255,-232,-209,-186,-256,-230,-29979,-29980,-29982,-29983,-29986,-29986,-29991,-29988,-29988,-29989,-29989,-29987]} 1. Nf3 d5 2. e3 Nf6 3. c4 c6 4. b3 Bf5 5. Be2 (5. Bb2 e6 6. Nc3 h6 7. d4 Be7 8. Bd3 O-O 9. O-O Nbd7 10. Qc2 Bg4 11. Ne5 Nxe5 12. dxe5 Nd7 13. h3 Bh5 {1-0 (52) Nakamura,H (2746)-Caruana,F (2832) London 2018}) 5... h6 6. Ba3 {A12: English Opening: 1...c6 with b3 by White} Nbd7 7. O-O e6 $146 ({Predecessor:} 7... Qa5 8. b4 Qc7 9. b5 c5 10. cxd5 Nxd5 11. d3 N5f6 12. Nbd2 {½-½ (58) Harris,M (1696)-Fraser,A (1096) West Bromwich 2004}) 8. Bxf8 {The position is equal.} Nxf8 9. Nc3 N8d7 10. d4 O-O 11. b4 Qe7 12. Qb3 Bg4 13. Rfd1 Ne4 14. Rac1 Ndf6 15. h3 Bxf3 (15... Bh5 {seems wilder.} 16. c5 a6 17. a4 Nd7 18. Rc2 Bg6) 16. Bxf3 Nd6 17. c5 Nf5 18. b5 e5 19. bxc6 bxc6 20. Rb1 e4 21. Be2 $1 Rac8 22. Rd2 Rc7 23. Rdb2 Nh4 24. g3 Nf3+ 25. Kg2 Qd7 26. Qd1 Ng5 27. h4 Ne6 28. Rb8 g5 29. hxg5 hxg5 30. Qh1 Rxb8 31. Rxb8+ Rc8 32. Qb1 Qd8 33. Rb7 Ra8 34. Qh1 {Strongly threatening Qh6.} Qc8 35. Rb1 Rb8 36. Qh6 Rxb1 37. Nxb1 Nh7 38. Nd2 $36 {[%mdl 2048] Black is under pressure.} Qb7 ({Better is} 38... Nhf8 $14) 39. Bg4 $16 Ng7 40. Qd6 f5 (40... Nf8 $16) 41. Bd1 $18 Qb5 42. a4 (42. Bb3 $142) 42... Qa6 (42... Qb7 $142 43. Qd8+ Nf8) 43. Bb3 {Hoping for Bxd5+!} Qc8 44. a5 $1 Ne8 45. Qg6+ Kh8 46. g4 Ng7 47. Ba4 $1 f4 48. Kh3 $2 (48. Qxc6 $18 Qxc6 49. Bxc6 fxe3 50. fxe3) 48... Ne6 $11 49. Nxe4 {Nd6 would kill now.} fxe3 50. fxe3 {Intending Nd6 and mate.} dxe4 51. Qxe4 Nf6 52. Qe5 Kg7 53. Bd1 $2 {[%mdl 8192]} (53. Bb3 $11 {and White has nothing to worry.} Qa6 54. Kg3 (54. Qxe6 Qf1+ 55. Kh2 Qf2+ 56. Kh1 Qf1+ 57. Kh2 Qf2+ 58. Kh1 Qf1+ 59. Kh2 $11) 54... Qxa5 55. Qxe6 Qe1+ 56. Kf3 Qf1+ 57. Kg3 Qe1+ 58. Kh2 Qf2+ 59. Kh1) 53... Qa6 $1 $19 {[%cal Ra6f1]} 54. Bf3 $2 (54. Bb3 Qf1+ 55. Kh2) 54... Qf1+ 55. Bg2 Qf2 (55... Qe1 $19 {[%csl Gg5][%cal Re1h4] is more deadly.} 56. Bxc6 Kf7) 56. Bxc6 $17 Qh4+ {[%mdl 64] Double Attack} 57. Kg2 Qxg4+ 58. Kf2 Kf7 59. Bf3 ({White should try} 59. Bd5) 59... Qh4+ 60. Ke2 g4 61. Bb7 (61. Bg2 $17 {was the only chance.}) 61... g3 $19 62. Bg2 Qg4+ $1 63. Kd2 {[#]} Ng5 $1 {[%cal Rg5f3] aiming for ...Nf3+.} 64. c6 {[#]} (64. Kc1 {was necessary.}) 64... Nge4+ $1 65. Bxe4 $2 (65. Kc1 $19 Qe2 66. Bxe4 Qxe3+ {[%mdl 64] Double Attack} 67. Kb2 Qxe4 68. Qxg3 Qxd4+ 69. Qc3 Qxc3+ 70. Kxc3) 65... Nxe4+ {Black mates.} 66. Kd3 Nf6 67. c7 g2 68. d5 g1=Q 69. Qe6+ Qxe6 70. dxe6+ Kg7 {Accuracy: White = 64%, Black = 61%.} 0-1